Villes ayant accueilli le grand départ du Tour de France - Statistiques

Statistiques générales
  • Ce quiz a été pris 32 fois
  • Le résultat moyen est 29 sur 61
Statistiques - réponses
Année Département Ville % Correct
1960, 1994, 2025 Nord Lille
90%
1952,1974,20082021 Finistère Brest
86%
1981,2020 Alpes-Maritimes Nice
86%
1958,2019 Belgique Bruxelles
83%
1991 Rhône Lyon
83%
1957 Loire-Atlantique Nantes
83%
1905 à 19141919 à 1925 1927 à 1939 1947 à 1950 1963, 2003 Paris Paris
83%
2026 Espagne Barcelone
79%
1953,2006 Bas-Rhin Strasbourg
79%
1954 Pays Bas Amsterdam
76%
2007 Angleterre Londres
76%
1964 Ille et Vilaine Rennes
76%
1961,1997 Seine-Maritime Rouen
76%
1967,1972 Maine et Loire Angers
72%
2022 Danemark Copenhague
72%
2027 Ecosse Edimbourg
72%
2009 Monaco Monaco
72%
1998 Irlande Dublin
69%
1989,2002 Luxembourg Luxembourg
69%
1955 Seine-Maritime Le Havre
66%
2004,2012 Belgique Liège
66%
1970 Haute-Vienne Limoges
66%
1951 Moselle Metz
66%
1962,1966 Meurthe et Moselle Nancy
66%
1956 Marne Reims
66%
2010 Pays Bas Rotterdam
62%
2023 Espagne Bilbao
59%
1987 Allemagne Berlin
55%
1959,1971 Haut-Rhin Mulhouse
55%
2001 Nord Dunkerque
52%
2024 Italie Florence
48%
1969 Nord Roubaix
48%
1980 Allemagne Francfort
45%
1982 Suisse Bâle
41%
2013 Corse du Sud Porto Vecchio
41%
2015 Pays Bas Utrecht
38%
2017 Allemagne Dusseldorf
34%
1973 Pays Bas La Haye
34%
2016 Manche Le Mont Saint Michel
34%
1992 Espagne Saint Sébastien
34%
1990,2000 Vienne Futuroscope
31%
2014 Angleterre Leeds
31%
1975 Belgique Charleroi
28%
1965 Allemagne Cologne
28%
1903,1904 Essonne Montgeron
28%
1993,1999 Vendée Puy du Fou
28%
1995 Morbihan Saint-Brieuc
28%
2018 Vendée Noirmoutier
24%
1986 Hauts de Seine Boulogne-Billancourt
17%
1926 Haute-Savoie Evian les bains
14%
1996 Pays Bas Bois le Duc
10%
1968 Vosges Vittel
10%
1984 Seine Saint Denis Montreuil
7%
1977,1979 Gers Fleurance
3%
2005 Vendée Fromentine
3%
1978 Pays Bas Leyde
3%
1976 Vendée Merlin-Plage
3%
2011 Vendée Passage du Gois
3%
1985 Morbihan Plumelec
3%
1988 Loire-Atlantique Pontchâteau
3%
1983 Val-de-Marne Fontenay sous bois
0%
Aucun quiz correspondant
Distribution des résultats
% des personnes avec chaque résultat
Percentile par nombre de réponses
Votre historique - résultats
Vous n’avez pas pris ce quiz